Famous Popes Quiz - Statistics

General Stats
  • This quiz has been taken 8 times
  • The average score is 3 of 10
Answer Stats
Papacy Reign Description Pope % Correct
(2013–2025) first pope to be born in the Western Hemisphere Francis
88%
(30–64) the first pope; one of the 12 apostles Peter
75%
(1088–1099) the initiator of The First Crusade Urban II
50%
(1492–1503) extremely corrupt; used the papacy to enrich himself and his children, Cesare and Lucrezia Alexander VI
38%
(1572–1585) revised the Julian Calendar, primarily correcting the frequency of leap years Gregory XIII
25%
(1503–1513) "The Warrior Pope"; commissioned Michelangelo to pain the Sistine Chapel Julius II
13%
(440–461) persuaded Attila the Hun not to invade Italy Leo I
13%
(1513–1521) aristocrat who sold indulgences to fund construction projects; provoked Martin Luther to write the 95 Theses Leo X
13%
(1049–1054) reigned during the Great Schism Leo IX
0%
(1566–1572) excommunicated Queen Elizabeth I and anyone who obeyed her, causing Elizabeth to persecute Catholics for treason Pius V
0%
No matching quizzes found
Score Distribution
Percent of People with Each Score
Percentile by Number Answered
Your Score History
You have not taken this quiz